000 00544nam a2200181Ia 4500
008 240729s9999 xx 000 0 und d
022 _a1526-6702
245 0 _aTexas Heart Institute Journal
260 _aUnited States
260 _bThe Texas Heart Institute
650 _a Diseases of the circulatory (Cardiovascular) system
650 _a Internal medicine
650 _a Specialties of internal medicine
650 _aMedicine
856 _uhttps://doaj.org/toc/e18f6ec9dfe24957a1589a75120f5bf9
942 _2ddc
942 _cDOAJEJ
999 _c66899
_d66899
945 _a1
_bMadushi Gamage
_c1
_dMadushi Gamage